| 000 | 00688nam a22001937a 4500 | ||
|---|---|---|---|
| 999 |
_c10829 _d10829 |
||
| 003 | AR-CdUCM | ||
| 008 | 190401b ||||| |||| 00| 0 spa d | ||
| 040 |
_aMUNICIPALIDAD PROVINCIAL DEL CUSCO _cBIBLIOTECA MUNICIPAL DEL CUSCO |
||
| 082 |
_aEP / 372.036 / _bN29 |
||
| 110 |
_aCorporación gráfica navarrete s.a. _927358 |
||
| 245 | _aNuevo amanecer 6 / | ||
| 260 |
_aLima : _bCorporación gráfica navarrete s.a., |
||
| 300 |
_a543 paginas ; _c27 cm. |
||
| 440 |
_aEnciclopedia escolar _927359 |
||
| 505 | _aContenido :Ciencias históricos sociales -- Ciencias naturales -- Lenguaje -- Matemática ... | ||
| 650 |
_aEducación primaria _91561 |
||
| 942 |
_2ddc _cLIBROS |
||
| 945 | _arum | ||